000 00507nam a2200169Ia 4500
003 GCL
008 140319s9999 xx 000 0 ara d
040 _aGCL /
_cGCL
082 0 4 _a550
_bف ف
100 1 _aمحمد جمال الدين الفندى
245 1 0 _aالاسلام والكون /
_cمحمد جمال الدين الفندى
490 _aالاسلام دين الحياة
_v0
650 0 4 _aالاسلام
650 0 4 _aالاسلام والعلم
650 0 4 _aالكون
942 _2ddc
_cBK
999 _c46617
_d46617